000
00290nam a22001337a 4500
008
170928b xxu||||| |||| 00| 0 eng d
020
_a
9780833031051
041
_a
eng
080
_a
37
100
_a
47
101
_a
EDU
245
_a
READING FOR UNDERSTANDING
_c
SNOW,C
942
_2
udc
_c
BK
999
_c
30498
_d
30498